МАРК-запис
| 000 -Лідер |
| fixed length control field |
05099 a2200277 4500 |
| 003 - Ідентифікатор контрольного номера |
| control field |
UA-OsUOA |
| 005 - Дата та час останнього входження (трансакції) |
| control field |
20220413100222.0 |
| 008 - Елементи даних фіксованої довжини – загальна інформація |
| fixed length control field |
210611b un ||||| |||| 00| 0 ukr d |
| 020 ## - Міжнародний стандартний книжковий номер (ISBN) |
| Міжнародний стандартний книжковий номер (ISBN) (НП) |
9786176734970 |
| 040 ## - Джерело каталогізації |
| Агенція оригінальної каталогізації |
UA-OsUOA |
| Мова каталогізації |
ukr |
| Агенція, яка здійснювала перезапис |
UA-OsUOA |
| Агенція, яка здійснювала модифікацію |
UA-OsUOA |
| 041 ## - Код мови |
| Код мови тексту/ звукової доріжки чи окремого заголовка (П) |
ukr |
| 080 ## - Індекс Універсальної десяткової класифікації |
| Індекс Універсальної десяткової класифікації (УДК) (НП) |
343.983(075.8) |
| 090 ## - Локальний шифр розміщення |
| Класифікаційний індекс УДК |
343.983(075.8) |
| Авторський знак (НП) |
М48 |
| 100 ## - Основне введення – ім’я особи |
| Ім’я особи (НП) |
Мельник Р. В. |
| 110 ## - Наймення організації – загальна інформація |
| Код відношення |
Міністерство внутрішніх справ України |
| 245 ## - Відомості про назву |
| Назва (НП) |
Особливості судово-балістичної експертизи об'єктів, перероблених у вогнепальну зброю |
| Решта назви (НП) |
науково-практичний посібник |
| Дані про відповідальність (НП) |
Р. В. Мельник |
| 260 ## - Публікація, розповсюдження і т.п. (Вихідні дані) |
| Місце публікації, розповсюдження і т.п. (П) |
Київ |
| Ім’я/ наймення видавництва, розповсюджувача і т.п. (П) |
Центр учбової літератури |
| Дата публікації, розповсюдження і т.п. (П) |
2021 |
| 300 ## - Фізичний опис |
| Обсяг |
134 с. |
| 505 00 - Форматована примітка про зміст |
| Форматована примітка про зміст |
ВСТУП . . . . . . . . . . . . . . . . . . . . . . . . . . . . . . . . . . . . . . . . . . . . . . . . 4<br/>РОЗДІЛ 1. НАУКОВІ ПОЛОЖЕННЯ ВИЗНАЧЕННЯ ОБ’ЄКТІВ,<br/>ПЕРЕРОБЛЕНИХ У ВОГНЕПАЛЬНУ ЗБРОЮ . . . . . . . . . . 6<br/>1.1. Поняття об’єктів, перероблених у вогнепальну зброю, у судовій<br/>балістиці . . . . . . . . . . . . . . . . . . . . . . . . . . . . . . . . . . . . . . . . . 6<br/>1.2. Класифікація об’єктів, перероблених у вогнепальну зброю, у<br/>судовій балістиці . . . . . . . . . . . . . . . . . . . . . . . . . . . . . . . . . . 24<br/>РОЗДІЛ 2. СУДОВО-БАЛІСТИЧНА ЕКСПЕРТИЗА ОБ’ЄКТІВ,<br/>ПЕРЕРОБЛЕНИХ У ВОГНЕПАЛЬНУ ЗБРОЮ,<br/>ТА НАПРЯМИ ЇЇ ВИКОРИСТАННЯ . . . . . . . . . . . . . . . . 40<br/>2.1. Особливості механізму утворення слідів на гільзах і снарядах,<br/>стріляних з об’єктів, перероблених у вогнепальну зброю . . . . . . 40<br/>2.2. Криміналістичне дослідження конструктивних особливостей<br/>об’єктів, перероблених у вогнепальну зброю . . . . . . . . . . . . . . . 54<br/>2.3. Ідентифікація гільз і снарядів, стріляних з об’єктів, перероблених у вогнепальну зброю . . . . . . . . . . . . . . . . . . . . . . . . . . . . . 67<br/>ВИСНОВКИ . . . . . . . . . . . . . . . . . . . . . . . . . . . . . . . . . . . . . . . . . . . . 81<br/>СПИСОК ВИКОРИСТАНИХ ДЖЕРЕЛ . . . . . . . . . . . . . . . . . . . . . . . . . 82<br/>ДОДАТКИ . . . . . . . . . . . . . . . . . . . . . . . . . . . . . . . . . . . . . . . . . . . . . 97 |
| 520 ## - Резюме і т.п. |
| Резюме, реферат, анотація, тощо (НП) |
Пропонована читачеві робота присвячена дослідженню теоретичних, методичних і практичних питань, пов’язаних із криміналістичним дослідженням об’єктів, перероблених у вогнепальну зброю. На основі наукових джерел визначено понятійний апарат об’єктів, перероблених у вогнепальну зброю, а також розглянуто питання, що виникають у процесі її сертифікації, і запропоновано класифікацію зазначеної категорії<br/>зброї. Досліджено механізм слідоутворення на гільзах і снарядах, зроблено детальний<br/>опис об’єктів, що вилучають під час ОМП, запропоновано перелік запитань, які необхідно вирішувати при дослідженні об’єктів, перероблених у вогнепальну зброю. Розглянуто особливості ідентифікації за слідами на стріляних гільзах і снарядах; особливості функціонування балістичного обліку, його переваги та недоліки, шляхи їх усунення.<br/>Науково-практичний посібник адресований курсантам, студентам, магістрам, аспірантам, ад’юнктам юридичних навчальних закладів, науково-педагогічним працівникам та працівникам правоохоронних органів. |
| 650 ## - Додаткове предметне введення – тематичний термін |
| Джерело заголовка чи терміна |
UDC |
| Тематичний термін чи географічна назва, як елемент введення (НП) |
343 Кримінальне право |
| 710 1# - Додаткове введення – наймення організації |
| Код відношення |
Державний науково-дослідний експертно-криміналістичний центр |
| 942 ## - Додаткові елементи входу (Коха) |
| Тип елемента Koha |
Книги |
| Source of classification or shelving scheme |
Universal Decimal Classification |
| 955 ## - Код типу видання за змістом |
| Код типу видання за змістом (НП) |
Науково-популярні видання |